000 01808nam a22004337a 4500
001 11855826
003 OSt
005 20210426082528.0
008 991206s2000 nyu b 001 0ceng
010 _a 99059304
020 _a0375405445 (alk. paper)
020 _a0375705244
040 _aDLC
_cDLC
_dDLC
_beng
041 _aeng
043 _an-us---
050 0 0 _aE302.5
_b.E45 2000
080 _a94
_bE-46
082 0 0 _a973.4/092/2
_221
100 1 _aEllis, Joseph J.
245 1 0 _aFounding brothers :
_bthe revolutionary generation /
_c/ by: Vintage Books
250 _a1st edition
260 _aNew York
_bVintage Books
_c2000.
300 _axi, 288 p.
_c25 cm.
365 _b14 usd
504 _aIncludes bibliographical references (p. 249-278) and index.
650 0 _aStatesmen
_zUnited States
_vBiography
_vAnecdotes.
650 0 _aHistory
_9252
650 0 _aPresidents
_zUnited States
_vBiography
_vAnecdotes.
651 0 _aUnited States
_xHistory
_y1783-1815
_vAnecdotes.
651 0 _aUnited States
_xPolitics and government
_y1783-1809
_vAnecdotes.
653 _aისტორია
653 _aამერიკის შეეერთებული შტატების ისტორია
856 4 2 _3Contributor biographical information
_uhttp://www.loc.gov/catdir/bios/random059/99059304.html
856 4 1 _3Sample text
_uhttp://www.loc.gov/catdir/samples/random042/99059304.html
856 4 2 _3Publisher description
_uhttp://www.loc.gov/catdir/description/random044/99059304.html
906 _a7
_bcbc
_corignew
_d1
_eocip
_f19
_gy-gencatlg
942 _2udc
_cBK
_e1
999 _c1348
_d1348